Sensation and perception

This highly acclaimed book provides a theoretically balanced introduction to the study of basic physiology and sensory responses. The authors survey a broad range of topics and present different theories and perspectives in controversial areas. * Demonstrations allow the reader to experience many of...

全面介紹

Đã lưu trong:
書目詳細資料
主要作者: Coren, Stanley
格式: 圖書
語言:Undetermined
出版: Fort Worth : Harcourt Brace College Publishers 1999
主題:
標簽: 添加標簽
沒有標簽, 成為第一個標記此記錄!
Thư viện lưu trữ: Trung tâm Học liệu Trường Đại học Cần Thơ
LEADER 01102nam a2200205Ia 4500
001 CTU_168600
008 210402s9999 xx 000 0 und d
020 |c 29.98 
082 |a 153.7 
082 |b C797 
100 |a Coren, Stanley 
245 0 |a Sensation and perception 
245 0 |c Stanley Coren, Lawrence M. Ward, James T Enns 
260 |b Fort Worth : Harcourt Brace College Publishers 
260 |c 1999 
520 |a This highly acclaimed book provides a theoretically balanced introduction to the study of basic physiology and sensory responses. The authors survey a broad range of topics and present different theories and perspectives in controversial areas. * Demonstrations allow the reader to experience many of the perceptual phenomena firsthand using common household items or illustrations in the book. * Describes natural instances of perceptual phenomena to bring the subject matter to life. 
650 |a Senses and sensation,Perception 
650 |x Giác quan và cảm giác,Nhận thức 
904 |i Lan 
980 |a Trung tâm Học liệu Trường Đại học Cần Thơ